• 首页
  • 本馆介绍
  • 公告通知
  • 最新文献
  • 馆藏检索
  • 电子资源
  • 读者导购
  • 参考咨询
  • 我的图书馆
  • 登录
  • 详细信息显示
  • 放入我的书架
  • 预约/预借图书
  • 作者相关作品
  • 分类相关作品
  • 丛书相关作品
  • 出版社相关作品

书目信息

  • 表格格式
  • 工作单格式
  • 卡片格式
题名:
Vue.js实战
    
 
作者: 梁灏 编著
分册:  
出版信息: 北京   清华大学出版社  2017
页数: 330页
开本: 20cm
丛书名:
单 册:
中图分类: TP392.092.2
科图分类:
主题词: 计算机应用
电子资源:
ISBN: 978-7-302-48492-9
000 00562nam0 2200193 450
001 4708
005 20181012163859.91
010    @a978-7-302-48492-9@dCNY79.00
100    @a20181012d2017 km y0chiy0120 ea
101 0  @achi
102    @aCN@b110000
200 1  @aVue.js实战@AVue.js shi zhan@f梁灏编著@Fliang hao bian zhu
210    @a北京@c清华大学出版社@d2017
215    @a330页@d20cm
606 0  @a计算机应用
690    @aTP392.092.2@v4
701  0 @a梁灏@Aliang hao@4编著
801  0 @aCN@b大连网信软件有限公司图书馆·11@c20181012
905    @aMuseLib@dTP392.092.2@e1602
    
    Vue.js实战/梁灏编著.-北京:清华大学出版社,2017
    330页;20cm
    
    
    ISBN 978-7-302-48492-9:CNY79.00
    
●
相关链接 在E读中查询图书 在五车中查询图书 在当当中查询图书 在豆瓣中查询图书


正题名:Vue.js实战     索取号:TP392.092.2/1602         预约/预借

序号 登录号 条形码 馆藏地/架位号 状态 备注
1 1126264   211262649   第二样本阅览室/ [索取号:TP392.092.2/1602] 在馆    
2 1126265   211262658   第三借阅区/ [索取号:TP392.092.2/1602] 在馆    
3 1126266   211262667   第三借阅区/ [索取号:TP392.092.2/1602] 在馆    
4 1126267   211262676   第三借阅区/ [索取号:TP392.092.2/1602] 在馆    
5 1126268   211262685   第三借阅区/ [索取号:TP392.092.2/1602] 在馆    
唐山师范学院图书馆 欢迎您!
大连网信软件有限公司© 版权所有